Buffer stock agreements and the future of natural rubber production (Record no. 55008)

MARC details
000 -LEADER
fixed length control field 00370nam a2200133Ia 4500
100 ## - MAIN ENTRY--AUTHOR NAME
Personal name Herbettr
245 #0 - TITLE STATEMENT
Title Buffer stock agreements and the future of natural rubber production
260 ## - PUBLICATION, DISTRIBUTION, ETC. (IMPRINT)
Name of publisher Planter
Year of publication 1953
300 ## - PHYSICAL DESCRIPTION
Number of Pages 39-40
650 ## - SUBJECT ADDED ENTRY--TOPICAL TERM
Topical Term Buffer stock agreements
650 ## - SUBJECT ADDED ENTRY--TOPICAL TERM
Topical Term Natural rubber production
942 ## - ADDED ENTRY ELEMENTS (KOHA)
Koha item type Journals
Holdings
Withdrawn status Lost status Damaged status Not for loan Home library Current library Shelving location Date acquired Serial Enumeration / chronology Koha item type
      Journals RRII Library RRII Library Agricultural economics 17/12/2021 Volume 29, Issue Journals